Особливості кримінологічної характеристики шахрайства, що вчиняється організованою групою (Запис № 573514)
[ простий вигляд ]
| 000 -Лідер | |
|---|---|
| fixed length control field | 03278nam a22002537a 4500 |
| 001 - Контрольний номер | |
| control field | 216223415 |
| 003 - Ідентифікатор контрольного номера | |
| control field | UA-OsUOA |
| 005 - Дата та час останнього входження (трансакції) | |
| control field | 20230112104506.0 |
| 008 - Елементи даних фіксованої довжини – загальна інформація | |
| fixed length control field | 230112b un ||||| m||| 00| 0 ukr d |
| 040 ## - Джерело каталогізації | |
| Агенція оригінальної каталогізації | UA-OsUOA |
| Мова каталогізації | ukr |
| Агенція, яка здійснювала перезапис | UA-OsUOA |
| Агенція, яка здійснювала модифікацію | UA-OsUOA |
| 041 ## - Код мови | |
| Код мови тексту/ звукової доріжки чи окремого заголовка (П) | ukr |
| 080 ## - Індекс Універсальної десяткової класифікації | |
| Індекс Універсальної десяткової класифікації (УДК) (НП) | 343.9 |
| 090 ## - Локальний шифр розміщення | |
| Класифікаційний індекс УДК | 343.9 |
| 095 ## - Код спеціальності для авторефератів | |
| Код спеціальності | 12.00.08 |
| Назва спеціальності | кримінальне право та кримінологія ; кримінально-виконавче право |
| 100 ## - Основне введення – ім’я особи | |
| Ім’я особи (НП) | Недзельська Г. В. |
| 245 ## - Відомості про назву | |
| Назва (НП) | Особливості кримінологічної характеристики шахрайства, що вчиняється організованою групою |
| Дані про відповідальність (НП) | Недзельська Галина Всеволодівна ; наук. керівник Гумін Олексій Михайлович |
| 260 ## - Публікація, розповсюдження і т.п. (Вихідні дані) | |
| Місце публікації, розповсюдження і т.п. (П) | Львів |
| Дата публікації, розповсюдження і т.п. (П) | 2022 |
| 300 ## - Фізичний опис | |
| Обсяг | 18 с. |
| 502 ## - Примітка про дисертацію | |
| Зв'язок | Автореферат дисертації на здобуття наукового ступеня кандидата юридичних наук<br/> |
| Наймення інституції, що представляється | Національний університет "Львівська політехніка" |
| Рік отримання вченого ступеня | 2022 |
| 520 ## - Резюме і т.п. | |
| Резюме, реферат, анотація, тощо (НП) | У дисертації проведено аналіз кримінологічної характеристики шахрайства, що вчиняється організованою групою, здійснено розробку науково обгрунтованих заходів, спрямованих на усунення пов’язаних із ним проблем правозастосовної практики й удосконалення правового механізму запобігання зазначеному суспільно небезпечному діянню.<br/>Проаналізовано історію розвитку поняття «шахрайство» на тлі вітчизняного та міжнародного законодавства. Розкрито зміст шахрайства, що вчиняється організованою групою, і надано характеристику його системоутворюючих ознак. Проаналізовано стан, рівень та інші кримінологічно значущі ознаки шахрайства, що вчиняється організованою групою. Запропоновано кримінологічну характеристику особи, що вчиняє шахрайство у складі організованої групи, з'ясовано причини та умови, які сприяють вчиненню шахрайства у складі організованої групи. Досліджено загальносоціальні, спеціально-кримінологічні заходи запобігання шахрайству, що вчиняється організованою групою. Роз’яснено віктимологічну профілактику шахрайства, що вчиняється організованою групою. |
| 650 ## - Додаткове предметне введення – тематичний термін | |
| Джерело заголовка чи терміна | UDC |
| Тематичний термін чи географічна назва, як елемент введення (НП) | 343 Кримінальне право. Карні порушення |
| 942 ## - Додаткові елементи входу (Коха) | |
| Source of classification or shelving scheme | Universal Decimal Classification |
| Тип елемента Koha | Автореферат |
| 955 ## - Код типу видання за змістом | |
| Код типу видання за змістом (НП) | Наукові видання |
Немає доступних примірників.